Nitrome Web Games - Statistics

General Stats
  • This quiz has been taken 7 times
  • The average score is 22 of 142
Answer Stats
Year Game % Correct
2010 Bad Ice-Cream
67%
2012 Bad Ice-Cream 2
67%
2013 Bad Ice-Cream 3
67%
2008 Cheese Dreams
67%
2010 Fault Line
67%
2008 Final Ninja
67%
2009 Final Ninja Zero
67%
2007 Frost Bite
67%
2008 Frost Bite 2
67%
2007 Toxic
67%
2008 Aquanaut
33%
2011 Canopy
33%
2006 Chick Flick
33%
2007 Dangle
33%
2008 Dirk Valentine
33%
2010 Enemy 585
33%
2015 Fluffball
33%
2006 Gift Wrapped
33%
2005 Hot Air!
33%
2007 Hot Air 2
33%
2012 Hot Air Jr
33%
2009 Ice Breaker
33%
2009 Ice Breaker: The Gathering
33%
2009 Ice Breaker: The Red Clan
33%
2007 Jack Frost
33%
2008 Magneboy
33%
2007 Nanobots
33%
2011 Nitrome Must Die
33%
2009 Parasite
33%
2006 Roly Poly
33%
2010 Rubble Trouble
33%
2011 Rubble Trouble Moscow
33%
2011 Rubble Trouble Tokyo
33%
2016 Rust Bucket
33%
2006 Sandman
33%
2006 Scribble
33%
2007 Skywire
33%
2008 Skywire 2
33%
2010 Skywire VIP
33%
2012 Skywire VIP Extended
33%
2008 Small Fry
33%
2008 Snot Put
33%
2007 Snow Drift
33%
2011 Steamlands
33%
2014 Submolok
33%
2012 Super Snot Put
33%
2010 Super Treadmill
33%
2011 Test Subject Blue
33%
2013 Test Subject Complete
33%
2011 Test Subject Green
33%
2007 Thin Ice
33%
2008 Toxic II
33%
2007 Twang
33%
2009 Twin Shot
33%
2009 Twin Shot 2
33%
2007 Yin Yang
33%
2009 Avalanche
0%
2009 B.C. Bow Contest
0%
2016 Beneath the Lighthouse
0%
2010 Blast RPG
0%
2008 Bomba
0%
2010 Bullethead
0%
2014 Bump Battle Royale
0%
2012 Calamari
0%
2011 Canary
0%
2009 Castle Corp
0%
2009 Cave Chaos
0%
2012 Cave Chaos 2
0%
2014 changeType()
0%
2013 Cheese Dreams: New Moon
0%
2010 Chisel
0%
2011 Chisel 2
0%
2014 Coil
0%
2009 Cold Storage
0%
2013 Colourblind
0%
2015 Cooped Up
0%
2009 Cosmic Cannon
0%
2014 Ditto
0%
2009 Double Edged
0%
2009 Droplets
0%
2014 Endless Doves
0%
2008 Fat Cat
0%
2006 Feed Me
0%
2009 Flash Cat
0%
2008 Flipside
0%
2014 Flue
0%
2009 Glassworks
0%
2008 Go Go UFO
0%
2009 Graveyard Shift
0%
2015 Green Ninja
0%
2012 Gunbrick
0%
2007 Headcase
0%
2012 Ice Beak
0%
2008 In the Dog House
0%
2012 J-J-Jump
0%
2011 Knight Trap
0%
2008 Knuckleheads
0%
2011 Lockehorn
0%
2007 Magic Touch
0%
2008 Mallet Mania
0%
2011 Mega Mash
0%
2009 Mirror Image
0%
2008 Mutiny
0%
2009 Nebula
0%
2008 Numbskull
0%
2011 Office Trap
0%
2007 Off the Rails
0%
2008 Onekey
0%
2013 Oodlegobs
0%
2007 Pest Control
0%
2009 Pixel Pop
0%
2014 Platform Panic
0%
2013 Plunger
0%
2009 Powerup
0%
2012 Rainbogeddon
0%
2010 Ribbit
0%
2009 Rockitty
0%
2014 Roller Polar
0%
2010 Rush
0%
2009 Rustyard
0%
2011 Silly Sausage
0%
2015 Silly Sausage in Meat Land
0%
2010 Sky Serpents
0%
2012 Skywire VIP Shuffle
0%
2007 Space Hopper
0%
2007 Square Meal
0%
2010 Squawk
0%
2011 Steamlands Player Pack
0%
2011 Stumped
0%
2013 Super Stock Take
0%
2012 Swindler
0%
2012 Swindler 2
0%
2006 Tanked Up
0%
2010 Temple Glider
0%
2011 Test Subject Arena
0%
2013 Test Subject Arena 2
0%
2011 The Bucket
0%
2010 Tiny Castle
0%
2012 Turnament
0%
2014 Turn-Undead
0%
2015 Vault!
0%
2010 Worm Food
0%
No matching quizzes found
Score Distribution
Percent of People with Each Score
Percentile by Number Answered
Your Score History
You have not taken this quiz